Word Ladder: Horse Phrases Quiz Stats

 Plays Quiz Updated Aug 17, 2019

Score 0/36 Timer 06:00
0 Plays Today
Clue 4-Letter Word % Correct
Speed associated with snails and turtlesSLOW
98.3%
Partner of 'tell' in kindergartenSHOW
97.4%
Metal arch for a hoof
Horse_____
⋆ SHOE ⋆
96.4%
Breathing organ for fishGILL
95.2%
Movement of airWIND
94.5%
Anchor for a plantROOT
94.4%
Rough games that can cause harm
Horse_____
⋆ PLAY ⋆
94.3%
Device used to prep land for plantingPLOW
94.1%
First name of the Fresh PrinceWILL
94%
Pace for a horseTROT
94%
Head of a college campusDEAN
93.5%
To repair something torn or brokenMEND
93.5%
Tehran's nationIRAN
93.5%
They can't drag Mick Jagger away
_____ Horses
⋆ WILD ⋆
93.4%
It goes over matter, in a phraseMIND
92.9%
There's no use in beating it
_____ Horse
⋆ DEAD ⋆
92.9%
Noise of a horn or whistleTOOT
92.8%
Disturbance of the peace by a mobRIOT
92.3%
Clue 4-Letter Word % Correct
'Money for Nothing' band _____ StraitsDIRE
91.8%
Alcohol fermented from honey and waterMEAD
91.1%
Six-sided board game essentialsDICE
91.1%
Nickname for Lou Gehrig
The _____ Horse
⋆ IRON ⋆
91%
Tactic or strategy; rusePLOY
90.9%
Congealed custard dessertFLAN
90.5%
1982 Jeff Bridges computer sci-fi filmTRON
90.5%
Celebrity chef Bobby (or to strip skin)FLAY
90.3%
TV Nanny DrescherFRAN
90.2%
To repair a sockDARN
89.8%
Jurassic Park's LauraDERN
89.1%
Don't look this in the mouth
_____ Horse
⋆ GIFT ⋆
88.8%
Candidate who is nominated unexpectedly
_____ Horse
⋆ DARK ⋆
88.6%
Thin layer of goldGILT
87.9%
Former NBA MVP NowitzkiDIRK
86.2%
Chasm (or a follower of Oculus in VR)RIFT
85%
Wide Receiver legend JerryRICE
82.9%
Secretariat or American Pharoah
_____horse
⋆ RACE ⋆
79.6%

Today's Daily Dose

You're not logged in!

Compare scores with friends on all Sporcle quizzes.
OR
Log In

Sporcle TV

Today on Sporcle TV


Watch our educational content, quiz creation guides, and fun videos on Sporcle TV.

Show Comments

Extras

Top Quizzes Today


Score Distribution

Your Account Isn't Verified!

In order to create a playlist on Sporcle, you need to verify the email address you used during registration. Go to your Sporcle Settings to finish the process.

Report this User

Report this user for behavior that violates our Community Guidelines.

Details: